000 00301nam a22001337a 4500
020 _a978-8172338039
041 _aENG
100 _aGill.W.R
245 _aSoil Dynamics In Tillage And Traction
260 _aIndia
_bScientific Pub
_c2013
300 _a511
650 _a FMP
856 _u FMP ( 04 )
999 _c1485
_d1485